Os perigos de Penélope (Registo nº 1775)

Detalhes MARC
000 -Etiqueta do registo
Cabeçalho 00952nam a22003131 4500
005 - Identificador da versão
Campo de controlo 20240813121916.0
095 ## -
-- PTBN00331994
021 ## - Número do Depósito Legal
Código do país PT
100 ## - Dados gerais de processamento
Dados gerais de processamento 20070507d1973 cd y0pory5003 ba
102 ## - Pais de publicação ou produção
País de publicação Portugal
101 1# - Língua de publicação
Língua do texto, banda sonora, etc. Português
105 ## - Campo de dados codificados: livros
Dados codificados dos livros a z 00ay
215 ## - Descrição física 
Indicação específica da natureza do documento e extensão da espécie [38] p.
Outras indicações físicas todo il.
Dimensões 24 cm
200 1# - Titulo e menção de responsabilidade
Título próprio Os perigos de Penélope
Primeira menção de responsabilidade Daniel Wilcox, Norman Stiles
Outras menções de responsabilidade il. Michael Frith, trad. Ricardo Alberty
225 2# - Colecção 
Título próprio da colecção Abre-te Sésamo
Informação de outro título da colecção  Egas e Becas
210 ## - Publicação, Distribuição, etc. 
Lugar da edição, distribuição, etc. Lisboa
Nome do editor, distribuidor, etc. Verbo
Data da publicação, distribuição, etc. cop. 1973
304 ## - Notas relativas a título e menção de responsabilidade 
Texto da nota Tít. orig.: The perils of Penelope
606 ## - Nome comum usado como assunto
Número de registo de entrada de autoridade 0000001
Palavra de ordem Literatura estrangeira infantil
Subdivisão de assunto Conto
675 ## - Classificação Decimal Universal (CDU)
Notação 82-34
Edição
Língua da edição por
702 #1 - Nome de autor-pessoa física (responsabilidade secundária)
Número de registo de entrada de autoridade 0000288
Palavra de ordem Frith
Outra parte do nome não tomada para palavra de ordem Michael
Código de função Ilustrador / Técnico de desenho computorizado
Número de registo de entrada de autoridade 0000199
Palavra de ordem Alberty
Outra parte do nome não tomada para palavra de ordem Ricardo
Código de função Tradutor
701 #1 - Nome de autor-pessoa física (co-responsabilidade principal)
Palavra de ordem Stiles
Outra parte do nome não tomada para palavra de ordem Norman
Código de função Autor / Co-autor
700 #1 - Nome de autor-pessoa física (responsabilidade principal)
Número de registo de entrada de autoridade 0000286
Palavra de ordem Wilcox
Outra parte do nome não tomada para palavra de ordem Daniel
942 ## - Elementos de entrada adicionados (Koha)
Tipo de item no Koha Livro
Exemplares
Situação do levantamento Origin of item (home branch) (coded) Biblioteca de empréstimo Código de barras Cota Circulation type (not for loan) Tipo de documento Nota do exemplar Damaged status
  Biblioteca Escolar da Coca Maravilhas Biblioteca Escolar da Coca Maravilhas BECM4483/99 8EST WIL   Livro Sem mensagem